| 000 | 00765nam a2200229 4500 | ||
|---|---|---|---|
| 003 | OSt | ||
| 005 | 20221116154431.0 | ||
| 008 | 221111b |||||||| |||| 00| 0 eng d | ||
| 020 | _a9962 8842 0 9 | ||
| 040 | _cBiblioteca Lado V | ||
| 082 |
_a700.74 _bM986b |
||
| 110 |
_9435 _aMuseo de Arte Contemporáneo _eautor |
||
| 245 | _aVI Bienal de arte de Panana./ | ||
| 246 | _aSicth Panama Art Biennial/ | ||
| 260 |
_c2002 _aPanama _bCervecería Nacional |
||
| 300 |
_a15p. _c16x26cm |
||
| 650 |
_2Tesauro de Arte & Arquitectura _aARTE |
||
| 650 |
_2Tesauro de Arte & Arquitectura _aMUSEO |
||
| 650 |
_2Tesauro de Arte & Arquitectura _aARTE PANAMEÑO |
||
| 650 |
_2Tesauro de Arte & Arquitectura _aBIENAL |
||
| 942 |
_2ddc _c1 _h700.74 _iM986b _n0 |
||
| 999 |
_c2652 _d2652 |
||